[Event "DEM U10w 2023"]
[Site "Willingen GER"]
[Date "2023.05.31"]
[Round "7"]
[White "Birkenheier, Larissa"]
[Black "Englert, Ann"]
[Result "1-0"]
[Termination "normal"]
[Board "7"]
[WhiteElo "1210"]
[BlackElo "1328"]
[WhiteClock "00:29:26"]
[BlackClock "01:06:51"]
[PlyCount "78"]
[WhiteFideId "34626379"]
[BlackFideId "34606181"]
[EventCountry "GER"]
[EventRounds "11"]
[EventType "swiss"]
[EventDate "2023.05.27"]

1. e4 {[%clk 01:15:55]} {[%emt 00:00:04]} c5 {[%clk 01:15:54]} {[%emt
00:00:07]} 2. Nf3 {[%clk 01:16:09]} {[%emt 00:00:15]} Nc6 {[%clk 01:16:14]}
{[%emt 00:00:10]} 3. d4 {[%clk 01:16:06]} {[%emt 00:00:34]} cxd4 {[%clk
01:16:24]} {[%emt 00:00:20]} 4. Nxd4 {[%clk 01:15:51]} {[%emt 00:00:44]} g6
{[%clk 01:16:31]} {[%emt 00:00:23]} 5. Nc3 {[%clk 01:15:36]} {[%emt 00:00:46]}
Bg7 {[%clk 01:16:49]} {[%emt 00:00:11]} 6. Be3 {[%clk 01:15:05]} {[%emt
00:01:01]} d6 {[%clk 01:16:11]} {[%emt 00:01:09]} 7. Qd2 {[%clk 01:14:03]}
{[%emt 00:01:32]} Nf6 {[%clk 01:16:17]} {[%emt 00:00:24]} 8. f3 {[%clk
01:12:24]} {[%emt 00:02:09]} O-O {[%clk 01:14:26]} {[%emt 00:02:21]} 9. O-O-O
{[%clk 01:10:26]} {[%emt 00:02:28]} Nxd4 {[%clk 01:14:02]} {[%emt 00:00:53]}
10. Bxd4 {[%clk 01:08:46]} {[%emt 00:02:10]} a6 {[%clk 01:13:40]} {[%emt
00:00:53]} 11. g4 {[%clk 01:05:37]} {[%emt 00:03:39]} b5 {[%clk 01:12:13]}
{[%emt 00:01:57]} 12. h4 {[%clk 01:02:47]} {[%emt 00:03:20]} h5 {[%clk
01:10:17]} {[%emt 00:02:25]} 13. gxh5 {[%clk 00:59:30]} {[%emt 00:03:48]} Nxh5
{[%clk 01:10:26]} {[%emt 00:00:20]} 14. Bxg7 {[%clk 00:58:28]} {[%emt
00:01:32]} Kxg7 {[%clk 01:10:04]} {[%emt 00:00:52]} 15. f4 {[%clk 00:56:01]}
{[%emt 00:02:58]} Bg4 {[%clk 01:08:38]} {[%emt 00:01:56]} 16. Re1 {[%clk
00:54:23]} {[%emt 00:02:07]} e6 {[%clk 01:08:17]} {[%emt 00:00:52]} 17. Qg2
{[%clk 00:52:23]} {[%emt 00:02:29]} f5 {[%clk 01:07:23]} {[%emt 00:01:24]} 18.
exf5 {[%clk 00:49:04]} {[%emt 00:03:49]} Bxf5 {[%clk 01:06:50]} {[%emt
00:01:03]} 19. Be2 {[%clk 00:46:09]} {[%emt 00:03:25]} Rh8 {[%clk 01:06:11]}
{[%emt 00:01:08]} 20. Reg1 {[%clk 00:44:55]} {[%emt 00:01:45]} b4 {[%clk
01:06:13]} {[%emt 00:00:29]} 21. Nd1 {[%clk 00:42:28]} {[%emt 00:02:57]} Qc7
{[%clk 01:05:23]} {[%emt 00:01:19]} 22. Ne3 {[%clk 00:41:43]} {[%emt 00:01:15]}
Qf7 {[%clk 01:02:49]} {[%emt 00:03:04]} 23. Bxh5 {[%clk 00:40:10]} {[%emt
00:02:03]} Rxh5 {[%clk 01:02:18]} {[%emt 00:01:01]} 24. Qxa8 {[%clk 00:39:13]}
{[%emt 00:01:27]} d5 {[%clk 01:02:16]} {[%emt 00:00:32]} 25. Nxf5+ {[%clk
00:36:33]} {[%emt 00:03:10]} Rxf5 {[%clk 01:02:38]} {[%emt 00:00:09]} 26. Qxa6
{[%clk 00:32:42]} {[%emt 00:04:20]} Rxf4 {[%clk 01:02:29]} {[%emt 00:00:39]}
27. h5 {[%clk 00:32:22]} {[%emt 00:00:51]} Rf6 {[%clk 01:02:41]} {[%emt
00:00:18]} 28. Rxg6+ {[%clk 00:30:05]} {[%emt 00:02:47]} Rxg6 {[%clk 01:03:04]}
{[%emt 00:00:06]} 29. hxg6 {[%clk 00:30:27]} {[%emt 00:00:08]} Qxg6 {[%clk
01:03:19]} {[%emt 00:00:15]} 30. Qa7+ {[%clk 00:29:57]} {[%emt 00:01:01]} Kf6
{[%clk 01:03:40]} {[%emt 00:00:08]} 31. Rf1+ {[%clk 00:29:30]} {[%emt
00:00:58]} Ke5 {[%clk 01:03:53]} {[%emt 00:00:17]} 32. Qe3+ {[%clk 00:28:38]}
{[%emt 00:01:21]} Qe4 {[%clk 01:04:13]} {[%emt 00:00:11]} 33. Qxe4+ {[%clk
00:28:34]} {[%emt 00:00:33]} dxe4 {[%clk 01:04:37]} {[%emt 00:00:06]} 34. Kd2
{[%clk 00:28:51]} {[%emt 00:00:13]} Kd4 {[%clk 01:05:01]} {[%emt 00:00:07]} 35.
c3+ {[%clk 00:28:13]} {[%emt 00:01:07]} bxc3+ {[%clk 01:05:29]} {[%emt
00:00:02]} 36. bxc3+ {[%clk 00:28:33]} {[%emt 00:00:10]} Ke5 {[%clk 01:05:54]}
{[%emt 00:00:05]} 37. a4 {[%clk 00:28:54]} {[%emt 00:00:09]} e3+ {[%clk
01:06:01]} {[%emt 00:00:23]} 38. Kxe3 {[%clk 00:29:18]} {[%emt 00:00:06]} Kd5
{[%clk 01:06:26]} {[%emt 00:00:06]} 39. a5 {[%clk 00:29:26]} {[%emt 00:00:22]}
Kc4 {[%clk 01:06:51]} {[%emt 00:00:04]} 1-0

[Event "DEM U10w 2023"]
[Site "Willingen GER"]
[Date "2023.05.31"]
[Round "7"]
[White "Tu, Tiffany"]
[Black "Kübart, Ela Marie"]
[Result "1-0"]
[Termination "normal"]
[Board "8"]
[WhiteElo "1071"]
[BlackElo "1198"]
[WhiteClock "01:10:54"]
[BlackClock "00:49:05"]
[PlyCount "35"]
[WhiteFideId "34628576"]
[BlackFideId "34633723"]
[EventCountry "GER"]
[EventRounds "11"]
[EventType "swiss"]
[EventDate "2023.05.27"]

1. e4 {[%clk 01:15:57]} {[%emt 00:00:03]} e5 {[%clk 01:15:56]} {[%emt
00:00:05]} 2. Nf3 {[%clk 01:16:16]} {[%emt 00:00:10]} Nc6 {[%clk 01:16:18]}
{[%emt 00:00:08]} 3. Bb5 {[%clk 01:16:38]} {[%emt 00:00:08]} Nf6 {[%clk
01:16:42]} {[%emt 00:00:08]} 4. d3 {[%clk 01:16:58]} {[%emt 00:00:09]} Bc5
{[%clk 01:16:05]} {[%emt 00:01:07]} 5. c3 {[%clk 01:17:16]} {[%emt 00:00:11]}
a6 {[%clk 01:14:38]} {[%emt 00:01:58]} 6. Ba4 {[%clk 01:17:38]} {[%emt
00:00:08]} b5 {[%clk 01:13:56]} {[%emt 00:01:13]} 7. Bb3 {[%clk 01:17:59]}
{[%emt 00:00:08]} d6 {[%clk 01:13:27]} {[%emt 00:00:58]} 8. Nbd2 {[%clk
01:17:33]} {[%emt 00:00:56]} O-O {[%clk 01:13:33]} {[%emt 00:00:24]} 9. O-O
{[%clk 01:17:42]} {[%emt 00:00:21]} Bg4 {[%clk 01:13:28]} {[%emt 00:00:36]} 10.
h3 {[%clk 01:17:57]} {[%emt 00:00:14]} Bh5 {[%clk 01:12:50]} {[%emt 00:01:07]}
11. Re1 {[%clk 01:18:06]} {[%emt 00:00:22]} Re8 {[%clk 01:12:24]} {[%emt
00:00:57]} 12. Nf1 {[%clk 01:18:19]} {[%emt 00:00:17]} d5 {[%clk 01:10:59]}
{[%emt 00:01:55]} 13. Ng3 {[%clk 01:15:29]} {[%emt 00:03:19]} dxe4 {[%clk
01:09:12]} {[%emt 00:02:16]} 14. Nxh5 {[%clk 01:12:00]} {[%emt 00:03:58]} exf3
{[%clk 01:04:19]} {[%emt 00:05:25]} 15. Qxf3 {[%clk 01:11:09]} {[%emt
00:01:20]} Qe7 {[%clk 00:48:57]} {[%emt 00:15:54]} 16. Nxf6+ {[%clk 01:10:34]}
{[%emt 00:01:06]} Qxf6 {[%clk 00:48:53]} {[%emt 00:00:32]} 17. Qxf6 {[%clk
01:10:41]} {[%emt 00:00:23]} gxf6 {[%clk 00:49:05]} {[%emt 00:00:17]} 18. Bd5
{[%clk 01:10:54]} {[%emt 00:00:18]} 1-0

[Event "DEM U10w 2023"]
[Site "Willingen GER"]
[Date "2023.05.31"]
[Round "7"]
[White "Lola, Georgia-Maria"]
[Black "Ruddat, Maila"]
[Result "1-0"]
[Termination "normal"]
[Board "9"]
[WhiteElo "1293"]
[BlackElo "1024"]
[WhiteClock "00:48:35"]
[BlackClock "00:53:45"]
[PlyCount "110"]
[WhiteFideId "34629335"]
[BlackFideId "34628100"]
[EventCountry "GER"]
[EventRounds "11"]
[EventType "swiss"]
[EventDate "2023.05.27"]

1. e4 {[%clk 01:15:57]} {[%emt 00:00:02]} e5 {[%clk 01:15:53]} {[%emt
00:00:06]} 2. Nf3 {[%clk 01:16:21]} {[%emt 00:00:07]} Nc6 {[%clk 01:16:12]}
{[%emt 00:00:11]} 3. Nc3 {[%clk 01:16:40]} {[%emt 00:00:11]} Nf6 {[%clk
01:16:26]} {[%emt 00:00:14]} 4. d4 {[%clk 01:16:33]} {[%emt 00:00:39]} exd4
{[%clk 01:16:15]} {[%emt 00:00:41]} 5. Nxd4 {[%clk 01:16:51]} {[%emt 00:00:12]}
Bc5 {[%clk 01:16:00]} {[%emt 00:00:45]} 6. Nxc6 {[%clk 01:15:21]} {[%emt
00:02:01]} bxc6 {[%clk 01:14:52]} {[%emt 00:01:36]} 7. Bd3 {[%clk 01:10:55]}
{[%emt 00:04:56]} O-O {[%clk 01:12:48]} {[%emt 00:02:35]} 8. O-O {[%clk
01:09:09]} {[%emt 00:02:16]} d5 {[%clk 01:12:47]} {[%emt 00:00:30]} 9. exd5
{[%clk 01:08:51]} {[%emt 00:00:50]} cxd5 {[%clk 01:12:18]} {[%emt 00:00:58]}
10. Bg5 {[%clk 01:07:29]} {[%emt 00:01:49]} c6 {[%clk 01:10:54]} {[%emt
00:01:57]} 11. Qf3 {[%clk 01:03:16]} {[%emt 00:04:36]} Bd4 {[%clk 01:09:29]}
{[%emt 00:02:01]} 12. Qg3 {[%clk 01:01:25]} {[%emt 00:02:16]} Nh5 {[%clk
01:03:10]} {[%emt 00:06:56]} 13. Qh4 {[%clk 01:00:47]} {[%emt 00:00:55]} Bf6
{[%clk 01:00:17]} {[%emt 00:03:35]} 14. Qxh5 {[%clk 01:00:48]} {[%emt
00:00:29]} g6 {[%clk 00:59:48]} {[%emt 00:01:00]} 15. Bxf6 {[%clk 00:59:47]}
{[%emt 00:01:31]} Qxf6 {[%clk 00:59:58]} {[%emt 00:00:19]} 16. Qe2 {[%clk
00:58:47]} {[%emt 00:01:27]} Qg5 {[%clk 00:59:55]} {[%emt 00:00:37]} 17. Qe3
{[%clk 00:58:31]} {[%emt 00:00:35]} Qxe3 {[%clk 00:57:14]} {[%emt 00:03:19]}
18. fxe3 {[%clk 00:56:12]} {[%emt 00:02:51]} Re8 {[%clk 00:55:13]} {[%emt
00:02:30]} 19. Rae1 {[%clk 00:56:11]} {[%emt 00:00:25]} Re5 {[%clk 00:54:56]}
{[%emt 00:00:54]} 20. Nd1 {[%clk 00:53:37]} {[%emt 00:03:02]} Bb7 {[%clk
00:54:03]} {[%emt 00:01:24]} 21. Nf2 {[%clk 00:53:34]} {[%emt 00:00:25]} c5
{[%clk 00:53:11]} {[%emt 00:01:30]} 22. b3 {[%clk 00:49:38]} {[%emt 00:04:28]}
c4 {[%clk 00:52:29]} {[%emt 00:01:11]} 23. bxc4 {[%clk 00:49:59]} {[%emt
00:00:10]} dxc4 {[%clk 00:52:53]} {[%emt 00:00:05]} 24. Bxc4 {[%clk 00:48:57]}
{[%emt 00:01:33]} Rg5 {[%clk 00:53:02]} {[%emt 00:00:20]} 25. g3 {[%clk
00:48:03]} {[%emt 00:01:24]} Rc8 {[%clk 00:52:31]} {[%emt 00:01:01]} 26. Nh3
{[%clk 00:47:38]} {[%emt 00:00:53]} Rf5 {[%clk 00:52:25]} {[%emt 00:00:37]} 27.
Rxf5 {[%clk 00:47:59]} {[%emt 00:00:10]} gxf5 {[%clk 00:52:42]} {[%emt
00:00:12]} 28. Bd3 {[%clk 00:46:17]} {[%emt 00:02:09]} Be4 {[%clk 00:52:52]}
{[%emt 00:00:24]} 29. Bxe4 {[%clk 00:46:33]} {[%emt 00:00:15]} fxe4 {[%clk
00:53:14]} {[%emt 00:00:07]} 30. Rc1 {[%clk 00:46:56]} {[%emt 00:00:07]} Rb8
{[%clk 00:53:15]} {[%emt 00:00:28]} 31. c4 {[%clk 00:45:20]} {[%emt 00:02:07]}
Kf8 {[%clk 00:52:49]} {[%emt 00:00:55]} 32. Ng5 {[%clk 00:45:38]} {[%emt
00:00:13]} a5 {[%clk 00:52:32]} {[%emt 00:00:47]} 33. c5 {[%clk 00:45:43]}
{[%emt 00:00:26]} Ke7 {[%clk 00:52:44]} {[%emt 00:00:18]} 34. Nxe4 {[%clk
00:46:07]} {[%emt 00:00:06]} a4 {[%clk 00:52:45]} {[%emt 00:00:30]} 35. Nc3
{[%clk 00:45:37]} {[%emt 00:00:57]} a3 {[%clk 00:52:55]} {[%emt 00:00:21]} 36.
Kg2 {[%clk 00:44:07]} {[%emt 00:01:55]} Rc8 {[%clk 00:52:45]} {[%emt 00:00:44]}
37. Nd5+ {[%clk 00:44:16]} {[%emt 00:00:23]} Ke6 {[%clk 00:52:58]} {[%emt
00:00:16]} 38. Nf4+ {[%clk 00:44:10]} {[%emt 00:00:35]} Kd7 {[%clk 00:52:52]}
{[%emt 00:00:37]} 39. Nd5 {[%clk 00:44:13]} {[%emt 00:00:26]} Rb8 {[%clk
00:52:38]} {[%emt 00:00:46]} 40. c6+ {[%clk 00:43:43]} {[%emt 00:01:00]} Kc8
{[%clk 00:52:37]} {[%emt 00:00:28]} 41. c7 {[%clk 00:43:47]} {[%emt 00:00:28]}
Rb2+ {[%clk 00:52:51]} {[%emt 00:00:14]} 42. Kf3 {[%clk 00:44:09]} {[%emt
00:00:10]} Rxa2 {[%clk 00:53:12]} {[%emt 00:00:09]} 43. Ne7+ {[%clk 00:44:27]}
{[%emt 00:00:13]} Kd7 {[%clk 00:53:30]} {[%emt 00:00:12]} 44. c8=Q+ {[%clk
00:44:50]} {[%emt 00:00:07]} Kxe7 {[%clk 00:53:39]} {[%emt 00:00:19]} 45. Rc7+
{[%clk 00:45:14]} {[%emt 00:00:07]} Kf6 {[%clk 00:54:00]} {[%emt 00:00:09]} 46.
Rxf7+ {[%clk 00:45:23]} {[%emt 00:00:22]} Kxf7 {[%clk 00:54:15]} {[%emt
00:00:15]} 47. Qc4+ {[%clk 00:45:48]} {[%emt 00:00:05]} Kf6 {[%clk 00:54:32]}
{[%emt 00:00:12]} 48. Qxa2 {[%clk 00:46:13]} {[%emt 00:00:05]} Ke5 {[%clk
00:53:09]} {[%emt 00:01:52]} 49. Qxa3 {[%clk 00:46:37]} {[%emt 00:00:07]} Kd5
{[%clk 00:53:21]} {[%emt 00:00:18]} 50. Qb4 {[%clk 00:47:02]} {[%emt 00:00:06]}
Ke5 {[%emt 00:00:08]} 51. Qd4+ {[%emt 00:00:12]} Ke6 {[%clk 00:53:21]} {[%emt
00:00:09]} 52. Qd8 {[%clk 00:47:27]} {[%emt 00:00:06]} Ke5 {[%clk 00:53:40]}
{[%emt 00:00:10]} 53. Qd7 {[%clk 00:47:48]} {[%emt 00:00:09]} Kf6 {[%clk
00:53:09]} {[%emt 00:00:58]} 54. Qxh7 {[%clk 00:48:11]} {[%emt 00:00:10]} Ke6
{[%clk 00:53:25]} {[%emt 00:00:15]} 55. h4 {[%clk 00:48:35]} {[%emt 00:00:06]}
Ke5 {[%clk 00:53:45]} {[%emt 00:00:08]} {Partie nicht nachvollziehbar, da Weiß
die Dame auf f4+ gespielt hat.} 1-0

[Event "DEM U10w 2023"]
[Site "Willingen GER"]
[Date "2023.05.31"]
[Round "7"]
[White "Hendler, Felicitas"]
[Black "Lange, Lene Marie"]
[Result "1-0"]
[Termination "normal"]
[Board "11"]
[WhiteElo "1049"]
[BlackElo "1168"]
[WhiteClock "00:59:07"]
[BlackClock "00:29:26"]
[PlyCount "107"]
[WhiteFideId "34616519"]
[BlackFideId "34639748"]
[EventCountry "GER"]
[EventRounds "11"]
[EventType "swiss"]
[EventDate "2023.05.27"]

1. e4 {[%clk 01:15:57]} {[%emt 00:00:02]} e5 {[%clk 01:15:51]} {[%emt
00:00:09]} 2. f4 {[%clk 01:16:23]} {[%emt 00:00:05]} Bc5 {[%clk 01:16:08]}
{[%emt 00:00:14]} 3. Nf3 {[%clk 01:16:35]} {[%emt 00:00:17]} d6 {[%clk
01:16:20]} {[%emt 00:00:18]} 4. Nc3 {[%clk 01:16:31]} {[%emt 00:00:34]} Nf6
{[%clk 01:16:11]} {[%emt 00:00:40]} 5. Bc4 {[%clk 01:16:30]} {[%emt 00:00:31]}
Nc6 {[%clk 01:15:50]} {[%emt 00:00:51]} 6. Kf1 {[%clk 01:15:48]} {[%emt
00:01:11]} O-O {[%clk 01:15:21]} {[%emt 00:00:58]} 7. d3 {[%clk 01:15:04]}
{[%emt 00:01:15]} Bg4 {[%clk 01:14:46]} {[%emt 00:01:05]} 8. h3 {[%clk
01:15:16]} {[%emt 00:00:17]} Bh5 {[%clk 01:15:07]} {[%emt 00:00:08]} 9. g4
{[%clk 01:14:50]} {[%emt 00:00:58]} Nxg4 {[%clk 01:14:44]} {[%emt 00:00:53]}
10. hxg4 {[%clk 01:15:00]} {[%emt 00:00:19]} Bxg4 {[%clk 01:15:08]} {[%emt
00:00:07]} 11. Qe2 {[%clk 01:12:19]} {[%emt 00:03:11]} Nd4 {[%clk 01:15:14]}
{[%emt 00:00:25]} 12. Qh2 {[%clk 01:10:29]} {[%emt 00:02:19]} h6 {[%clk
01:14:10]} {[%emt 00:01:34]} 13. Nxd4 {[%clk 01:10:42]} {[%emt 00:00:17]} Bxd4
{[%clk 01:13:46]} {[%emt 00:00:53]} 14. Qh4 {[%clk 01:08:58]} {[%emt 00:02:15]}
Qxh4 {[%clk 01:12:52]} {[%emt 00:01:24]} 15. Rxh4 {[%clk 01:09:17]} {[%emt
00:00:11]} Bd7 {[%clk 01:12:59]} {[%emt 00:00:19]} 16. fxe5 {[%clk 01:09:00]}
{[%emt 00:00:51]} dxe5 {[%clk 01:13:02]} {[%emt 00:00:28]} 17. Nb5 {[%clk
01:08:24]} {[%emt 00:01:06]} Bxb5 {[%clk 01:12:23]} {[%emt 00:01:08]} 18. Bxb5
{[%clk 01:08:40]} {[%emt 00:00:14]} c6 {[%clk 01:12:03]} {[%emt 00:00:49]} 19.
Bc4 {[%clk 01:08:58]} {[%emt 00:00:13]} b5 {[%clk 01:12:07]} {[%emt 00:00:26]}
20. Bb3 {[%clk 01:09:19]} {[%emt 00:00:09]} a5 {[%clk 01:12:10]} {[%emt
00:00:28]} 21. a3 {[%clk 01:09:29]} {[%emt 00:00:20]} a4 {[%clk 01:12:18]}
{[%emt 00:00:21]} 22. Ba2 {[%clk 01:09:46]} {[%emt 00:00:13]} Rfd8 {[%clk
01:12:05]} {[%emt 00:00:39]} 23. Rb1 {[%clk 01:08:20]} {[%emt 00:02:00]} Rab8
{[%clk 01:08:04]} {[%emt 00:04:31]} 24. b4 {[%clk 01:05:53]} {[%emt 00:02:57]}
Rf8 {[%clk 01:07:22]} {[%emt 00:01:09]} 25. Bb2 {[%clk 01:04:56]} {[%emt
00:01:30]} Bxb2 {[%clk 01:07:34]} {[%emt 00:00:18]} 26. Rxb2 {[%clk 01:05:16]}
{[%emt 00:00:09]} Kh8 {[%clk 01:07:11]} {[%emt 00:00:52]} 27. Rh5 {[%clk
01:05:17]} {[%emt 00:00:31]} f6 {[%clk 01:06:53]} {[%emt 00:00:48]} 28. Be6
{[%clk 01:05:36]} {[%emt 00:00:11]} Rfe8 {[%clk 01:05:27]} {[%emt 00:01:41]}
29. Bd7 {[%clk 01:05:47]} {[%emt 00:00:34]} Red8 {[%clk 01:04:22]} {[%emt
00:01:34]} 30. Bxc6 {[%clk 01:05:47]} {[%emt 00:00:31]} Rb6 {[%clk 01:01:22]}
{[%emt 00:03:27]} 31. Bd5 {[%clk 01:05:46]} {[%emt 00:00:33]} Rc8 {[%clk
00:59:44]} {[%emt 00:02:01]} 32. c4 {[%clk 01:05:00]} {[%emt 00:01:25]} bxc4
{[%clk 00:58:59]} {[%emt 00:01:14]} 33. dxc4 {[%clk 01:05:20]} {[%emt
00:00:10]} Rc7 {[%clk 00:56:36]} {[%emt 00:02:47]} 34. Rhh2 {[%clk 00:59:58]}
{[%emt 00:05:56]} Kh7 {[%clk 00:53:08]} {[%emt 00:03:37]} 35. c5 {[%clk
00:59:49]} {[%emt 00:01:03]} Rb8 {[%clk 00:53:18]} {[%emt 00:00:20]} 36. Rhc2
{[%clk 00:59:40]} {[%emt 00:00:39]} g6 {[%clk 00:52:55]} {[%emt 00:00:52]} 37.
b5 {[%clk 00:59:51]} {[%emt 00:00:19]} Rbc8 {[%clk 00:52:33]} {[%emt 00:00:44]}
38. Be6 {[%clk 00:59:58]} {[%emt 00:00:31]} Rd8 {[%clk 00:52:33]} {[%emt
00:00:31]} 39. Ke2 {[%clk 00:59:45]} {[%emt 00:00:42]} Re7 {[%clk 00:52:25]}
{[%emt 00:00:37]} 40. Bh3 {[%clk 01:00:00]} {[%emt 00:00:16]} Ree8 {[%clk
00:47:56]} {[%emt 00:04:56]} 41. c6 {[%clk 01:00:05]} {[%emt 00:00:29]} Kg7
{[%clk 00:45:00]} {[%emt 00:03:26]} 42. c7 {[%clk 00:59:30]} {[%emt 00:01:05]}
Ra8 {[%clk 00:44:00]} {[%emt 00:01:28]} 43. c8=Q {[%emt 00:00:27]} Rexc8 {[%clk
00:44:28]} {[%emt 00:00:01]} 44. Rxc8 {[%clk 00:59:51]} {[%emt 00:00:14]} Ra7
{[%clk 00:44:31]} {[%emt 00:00:27]} 45. Rd2 {[%clk 00:59:45]} {[%emt 00:00:36]}
Kf7 {[%clk 00:40:29]} {[%emt 00:04:33]} 46. Rd7+ {[%clk 01:00:01]} {[%emt
00:00:14]} Rxd7 {[%clk 00:40:51]} {[%emt 00:00:07]} 47. Bxd7 {[%clk 01:00:25]}
{[%emt 00:00:06]} Ke7 {[%clk 00:39:04]} {[%emt 00:02:17]} 48. Bh3 {[%clk
01:00:39]} {[%emt 00:00:16]} g5 {[%clk 00:37:57]} {[%emt 00:01:36]} 49. b6
{[%clk 01:01:00]} {[%emt 00:00:11]} Kf7 {[%clk 00:34:41]} {[%emt 00:03:45]} 50.
b7 {[%clk 01:01:08]} {[%emt 00:00:23]} Kg6 {[%clk 00:32:45]} {[%emt 00:02:26]}
51. b8=Q {[%emt 00:00:35]} Kh5 {[%emt 00:01:50]} 52. Rh8 {[%clk 00:58:51]}
{[%emt 00:00:22]} Kh4 {[%clk 00:29:26]} {[%emt 00:03:50]} 53. Rxh6+ {[%clk
00:59:07]} {[%emt 00:00:13]} Kg3 {[%emt 00:00:15]} 54. Qc8 {[%clk 00:59:07]}
{[%emt 00:00:56]} 1-0

[Event "DEM U10w 2023"]
[Site "Willingen GER"]
[Date "2023.05.31"]
[Round "7"]
[White "Tiuca, Emma"]
[Black "Greither, Flora"]
[Result "1-0"]
[Termination "normal"]
[Board "12"]
[WhiteElo "1149"]
[BlackElo "978"]
[WhiteClock "01:16:10"]
[BlackClock "01:11:45"]
[PlyCount "93"]
[WhiteFideId "4007549"]
[BlackFideId "533000697"]
[EventCountry "GER"]
[EventRounds "11"]
[EventType "swiss"]
[EventDate "2023.05.27"]

1. e4 {[%clk 01:15:58]} e5 {[%clk 01:15:56]} {[%emt 00:00:05]} 2. Nf3 {[%clk
01:16:20]} {[%emt 00:00:07]} Nc6 {[%clk 01:16:20]} {[%emt 00:00:07]} 3. Bb5
{[%clk 01:16:40]} {[%emt 00:00:10]} Nf6 {[%clk 01:16:40]} {[%emt 00:00:10]} 4.
O-O {[%clk 01:17:00]} {[%emt 00:00:08]} Be7 {[%clk 01:17:03]} {[%emt 00:00:09]}
5. Re1 {[%clk 01:17:07]} {[%emt 00:00:23]} O-O {[%clk 01:16:51]} {[%emt
00:00:43]} 6. c3 {[%clk 01:17:28]} {[%emt 00:00:08]} d6 {[%clk 01:17:05]}
{[%emt 00:00:16]} 7. h3 {[%clk 01:17:49]} {[%emt 00:00:08]} Be6 {[%clk
01:16:58]} {[%emt 00:00:38]} 8. d4 {[%clk 01:18:02]} {[%emt 00:00:16]} exd4
{[%clk 01:17:07]} {[%emt 00:00:21]} 9. cxd4 {[%clk 01:18:22]} {[%emt 00:00:09]}
Bd7 {[%clk 01:17:10]} {[%emt 00:00:30]} 10. d5 {[%clk 01:18:07]} {[%emt
00:00:44]} Nb4 {[%clk 01:17:30]} {[%emt 00:00:11]} 11. Bxd7 {[%clk 01:18:19]}
{[%emt 00:00:16]} Qxd7 {[%clk 01:17:53]} {[%emt 00:00:09]} 12. a3 {[%clk
01:18:22]} {[%emt 00:00:24]} Na6 {[%clk 01:17:59]} {[%emt 00:00:26]} 13. Nc3
{[%clk 01:18:37]} {[%emt 00:00:14]} Nc5 {[%clk 01:18:03]} {[%emt 00:00:27]} 14.
Be3 {[%clk 01:18:24]} {[%emt 00:00:42]} Ncxe4 {[%clk 01:18:19]} {[%emt
00:00:15]} 15. Nxe4 {[%clk 01:18:41]} {[%emt 00:00:13]} Nxe4 {[%clk 01:18:45]}
{[%emt 00:00:04]} 16. Bd4 {[%clk 01:18:50]} {[%emt 00:00:17]} Nf6 {[%clk
01:18:26]} {[%emt 00:00:52]} 17. Bc3 {[%clk 01:18:57]} {[%emt 00:00:20]} Rfe8
{[%clk 01:17:32]} {[%emt 00:01:27]} 18. Qd2 {[%clk 01:18:58]} {[%emt 00:00:22]}
h6 {[%clk 01:16:07]} {[%emt 00:02:03]} 19. Rad1 {[%clk 01:18:42]} {[%emt
00:00:45]} Nh5 {[%clk 01:13:19]} {[%emt 00:03:17]} 20. Bb4 {[%clk 01:12:21]}
{[%emt 00:06:51]} c5 {[%clk 01:12:17]} {[%emt 00:01:33]} 21. dxc6 {[%clk
01:12:18]} {[%emt 00:00:34]} bxc6 {[%clk 01:12:22]} {[%emt 00:00:25]} 22. Bxd6
{[%clk 01:12:07]} {[%emt 00:00:38]} Rad8 {[%clk 01:09:27]} {[%emt 00:03:27]}
23. Bxe7 {[%clk 01:10:54]} {[%emt 00:01:42]} Rxe7 {[%clk 01:09:42]} {[%emt
00:00:17]} 24. Rxe7 {[%clk 01:10:57]} {[%emt 00:00:25]} Qxd2 {[%clk 01:08:49]}
{[%emt 00:01:25]} 25. Rxd2 {[%clk 01:11:16]} {[%emt 00:00:10]} Rxd2 {[%clk
01:09:09]} {[%emt 00:00:11]} 26. Nxd2 {[%clk 01:11:37]} {[%emt 00:00:08]} Kf8
{[%clk 01:09:33]} {[%emt 00:00:06]} 27. Rxa7 {[%clk 01:11:54]} {[%emt
00:00:11]} Ke8 {[%clk 01:09:19]} {[%emt 00:00:47]} 28. b4 {[%clk 01:12:09]}
{[%emt 00:00:14]} Nf6 {[%clk 01:09:29]} {[%emt 00:00:20]} 29. a4 {[%clk
01:12:18]} {[%emt 00:00:21]} Nd7 {[%clk 01:09:16]} {[%emt 00:00:43]} 30. b5
{[%clk 01:12:34]} {[%emt 00:00:15]} cxb5 {[%clk 01:09:38]} {[%emt 00:00:09]}
31. axb5 {[%clk 01:12:56]} {[%emt 00:00:06]} Kd8 {[%clk 01:09:46]} {[%emt
00:00:23]} 32. Nc4 {[%clk 01:13:12]} {[%emt 00:00:12]} Kc8 {[%clk 01:09:29]}
{[%emt 00:00:49]} 33. Nd6+ {[%clk 01:13:29]} {[%emt 00:00:13]} Kd8 {[%clk
01:09:43]} {[%emt 00:00:16]} 34. Nxf7+ {[%clk 01:13:45]} {[%emt 00:00:13]} Kc8
{[%clk 01:10:06]} {[%emt 00:00:08]} 35. Nd6+ {[%clk 01:13:57]} {[%emt
00:00:16]} Kd8 {[%clk 01:10:21]} {[%emt 00:00:17]} 36. Ra4 {[%clk 01:14:09]}
{[%emt 00:00:16]} Kc7 {[%clk 01:10:30]} {[%emt 00:00:23]} 37. Rb4 {[%clk
01:14:25]} {[%emt 00:00:13]} Kxd6 {[%emt 00:00:34]} 38. Rb1 {[%clk 01:14:28]}
{[%emt 00:00:12]} Kc5 {[%clk 01:10:45]} {[%emt 00:00:27]} 39. Kf1 {[%clk
01:14:52]} {[%emt 00:00:07]} Kb6 {[%clk 01:11:06]} {[%emt 00:00:08]} 40. Ke2
{[%clk 01:15:15]} {[%emt 00:00:06]} Ne5 {[%clk 01:10:50]} {[%emt 00:00:47]} 41.
Rb2 {[%clk 01:14:45]} {[%emt 00:00:51]} Nc4 {[%clk 01:11:07]} {[%emt 00:00:21]}
42. Rb3 {[%clk 01:14:54]} {[%emt 00:00:19]} Na5 {[%clk 01:11:24]} {[%emt
00:00:15]} 43. Rg3 {[%clk 01:15:12]} {[%emt 00:00:12]} g5 {[%clk 01:11:38]}
{[%emt 00:00:17]} 44. Rg4 {[%clk 01:15:23]} {[%emt 00:00:18]} Nb3 {[%clk
01:11:44]} {[%emt 00:00:24]} 45. Ke3 {[%clk 01:15:29]} {[%emt 00:00:23]} Kxb5
{[%clk 01:11:33]} {[%emt 00:00:43]} 46. h4 {[%clk 01:15:49]} {[%emt 00:00:09]}
gxh4 {[%clk 01:11:45]} {[%emt 00:00:20]} 47. Rxh4 {[%clk 01:16:10]} {[%emt
00:00:06]} 1-0